[Event "So - Navara (match) 2015"]
[Site "Prague CZE"]
[Date "2015.06.14"]
[Round "2"]
[White "So, Wesley"]
[Black "Navara, David"]
[Result "1-0"]
[WhiteElo "2778"]
[BlackElo "2751"]
[PlyCount "111"]
[EventDate "2015.06.13"]

1. c4 Nf6 2. Nc3 e5 3. Nf3 Nc6 4. g3 d5 5. cxd5 Nxd5 6. Bg2 Nb6 7. O-O Be7 8.
d3 O-O 9. a3 Be6 10. Be3 Nd5 11. Nxd5 Bxd5 12. Rc1 Bd6 13. Qa4 Qe8 14. Rfe1 Ne7
15. Qxe8 Rfxe8 16. Bc5 Nc6 17. b4 a6 18. Nd2 Bxg2 19. Kxg2 Re7 20. Ne4 Rd7 21.
g4 Nd8 22. Bxd6 cxd6 23. Nc3 d5 24. Na4 Rb8 25. e3 f6 26. f4 g6 27. Rc2 Ne6 28.
f5 gxf5 29. gxf5 Ng7 30. Rf1 d4 31. e4 Nh5 32. Nb6 Rg7+ 33. Kf3 Nf4 34. Rfc1
Rf8 35. Rc8 Rgf7 36. Rg1+ Kh8 37. Rc2 Rd8 38. Nd5 Nxd5 39. exd5 Rfd7 40. Rgc1
Rxd5 41. Rc8 Kg7 42. Rxd8 Rxd8 43. Rc7+ Kh6 44. Rxb7 Rc8 45. h4 Rc1 46. Ke4
Re1+ 47. Kd5 e4 48. Re7 Ra1 49. Rxe4 Rxa3 50. Rxd4 Kh5 51. Ke6 a5 52. bxa5 Rxa5
53. Kxf6 h6 54. Rd7 Ra4 55. Ke7 Rd4 56. f6 1-0

[Event "So - Navara (match) 2015"]
[Site "Prague CZE"]
[Date "2015.06.15"]
[Round "3"]
[White "Navara, D."]
[Black "So, W."]
[Result "1/2-1/2"]
[WhiteElo "2751"]
[BlackElo "2778"]
[PlyCount "80"]
[EventDate "2015.06.13"]

1. Nf3 d5 2. d4 Nf6 3. c4 e6 4. Nc3 c6 5. e3 Nbd7 6. Qc2 Bd6 7. Bd3 dxc4 8.
Bxc4 b5 9. Be2 O-O 10. O-O a6 11. Rd1 Qc7 12. e4 e5 13. h3 Re8 14. a3 exd4 15.
Nxd4 Bh2+ 16. Kh1 Be5 17. Bf3 c5 18. Nf5 Nb6 19. Bg5 Bxf5 20. exf5 Rad8 21.
Rxd8 Rxd8 22. Re1 h6 23. Bc1 Bf4 24. a4 Bxc1 25. Rxc1 Qf4 26. Ne2 Qxa4 27. b3
Qh4 28. Qxc5 Nbd7 29. Qd4 Qg5 30. Qf4 Qxf4 31. Nxf4 Ne5 32. Bb7 Rd4 33. g3 Nd3
34. Nxd3 Rxd3 35. b4 Rb3 36. Bxa6 Rxb4 37. Rc8+ Kh7 38. Rb8 Ne4 39. Rxb5 Nxf2+
40. Kg2 Rxb5 1/2-1/2

[Event "Capablanca Memorial 2015"]
[Site "Havana CUB"]
[Date "2015.06.15"]
[Round "1"]
[White "Eljanov, Pavel"]
[Black "Nepomniachtchi, Ian"]
[Result "1-0"]
[WhiteElo "2718"]
[BlackElo "2720"]
[PlyCount "69"]
[EventDate "2015.06.15"]

1. d4 Nf6 2. c4 g6 3. Nc3 d5 4. Nf3 Bg7 5. Bf4 O-O 6. Rc1 Be6 7. e3 c5 8. dxc5
Nc6 9. Ng5 Qa5 10. Nxe6 fxe6 11. Be2 Ne4 12. O-O Bxc3 13. cxd5 Rad8 14. Qc2
exd5 15. bxc3 Nxc5 16. Rfd1 Qa4 17. Qxa4 Nxa4 18. Bg4 Rf6 19. Bf3 Kg7 20. Rxd5
Rxd5 21. Bxd5 Rf5 22. c4 Nb6 23. g4 Rf8 24. Rb1 e5 25. Bg3 Kf6 26. Rb5 Re8 27.
h4 h6 28. Rc5 Nb4 29. Bxb7 Nxa2 30. Ra5 Nb4 31. c5 Nc4 32. Rb5 a5 33. c6 Nd6
34. Rxa5 g5 35. Rc5 1-0

[Event "Capablanca Memorial 2015"]
[Site "Havana CUB"]
[Date "2015.06.15"]
[Round "1"]
[White "Yu, Yangyi"]
[Black "Andreikin, Dmitry"]
[Result "1-0"]
[WhiteElo "2715"]
[BlackElo "2718"]
[PlyCount "157"]
[EventDate "2015.06.15"]

1. e4 e5 2. Nf3 Nc6 3. Bb5 Nf6 4. d3 Bc5 5. Bxc6 dxc6 6. Nbd2 Be6 7. O-O Nd7 8.
Nb3 Bb6 9. Ng5 Qf6 10. Kh1 Bxb3 11. axb3 h6 12. Nf3 O-O 13. Nd2 Qe6 14. Nc4 a6
15. Bd2 Bd4 16. Rb1 b5 17. Na5 f5 18. exf5 Rxf5 19. Qe2 Raf8 20. f3 Nf6 21. b4
e4 22. Nb3 Bb6 23. Nc5 Bxc5 24. bxc5 Qe8 25. dxe4 Nxe4 26. Rfe1 Nf6 27. Qxe8
Rxe8 28. Rxe8+ Nxe8 29. b4 Re5 30. Kg1 Re2 31. Rd1 Nf6 32. Kf1 Re8 33. Ra1 Ra8
34. Ke2 Kf7 35. Kd3 Rd8+ 36. Ke2 Re8+ 37. Kd3 Rd8+ 38. Ke2 Re8+ 39. Kd1 Ra8 40.
c3 Nd5 41. Kc2 h5 42. h4 Ke6 43. Bg5 Kf5 44. Kb3 Nf6 45. Bxf6 gxf6 46. g3 Ke6
47. g4 Rh8 48. Re1+ Kf7 49. Rd1 Ke6 50. Rd4 hxg4 51. Rxg4 Rh7 52. Re4+ Kf7 53.
Kc2 f5 54. Rd4 Kg6 55. Kd3 Re7 56. Rd8 f4 57. Rg8+ Kf7 58. Rc8 Ke6 59. Kd4 Rh7
60. Ke4 Kd7 61. Rf8 Rxh4 62. Rf7+ Kd8 63. Rxf4 Rh1 64. Ke5 Ke7 65. Re4 Rd1 66.
Kf5+ Kf7 67. Rd4 Rc1 68. Rd7+ Ke8 69. Rxc7 Rxc3 70. Ke6 Kd8 71. Kd6 Rxf3 72.
Kxc6 a5 73. bxa5 b4 74. a6 Ra3 75. Ra7 b3 76. Kd6 Ke8 77. Ra8+ Kf7 78. c6 b2
79. Rb8 1-0

[Event "Capablanca Memorial 2015"]
[Site "Havana CUB"]
[Date "2015.06.15"]
[Round "1"]
[White "Dominguez Perez, Leinier"]
[Black "Bruzon Batista, Lazaro"]
[Result "1/2-1/2"]
[WhiteElo "2746"]
[BlackElo "2677"]
[PlyCount "51"]
[EventDate "2015.06.15"]

1. e4 e5 2. Nf3 Nc6 3. Bb5 Nf6 4. d3 Bc5 5. c3 O-O 6. O-O d6 7. h3 Ne7 8. d4
Bb6 9. Re1 d5 10. Nxe5 Nxe4 11. Nd2 Nd6 12. Bd3 f6 13. Nef3 Bf5 14. Nf1 Bxd3
15. Qxd3 Ne4 16. Bf4 Qd7 17. Bh2 Nf5 18. Re2 Rae8 19. Rae1 c6 20. N3d2 Nxd2 21.
Qxd2 Rxe2 22. Qxe2 Rf7 23. Qe8+ Qxe8 24. Rxe8+ Rf8 25. Re2 Rf7 26. Re8+ 1/2-1/2

[Event "So - Navara (match) 2015"]
[Site "Prague CZE"]
[Date "2015.06.16"]
[Round "4"]
[White "So, W."]
[Black "Navara, D."]
[Result "1-0"]
[WhiteElo "2778"]
[BlackElo "2751"]
[PlyCount "93"]
[EventDate "2015.06.13"]

1. Nf3 d5 2. d4 Nf6 3. c4 c6 4. Nc3 e6 5. e3 Nbd7 6. Qc2 Bd6 7. Bd3 O-O 8. O-O
dxc4 9. Bxc4 b5 10. Bd3 Bb7 11. a3 a5 12. Ng5 h6 13. Nge4 Be7 14. Rd1 Qb6 15.
Nxf6+ Bxf6 16. Bd2 e5 17. Bh7+ Kh8 18. Bf5 Rad8 19. Ne4 Be7 20. b4 axb4 21.
Bxb4 Bxb4 22. axb4 exd4 23. Rxd4 Nf6 24. Nd6 Nd5 25. Qc5 Qxc5 26. bxc5 Ra8 27.
Rxa8 Bxa8 28. e4 Nc3 29. Nxf7+ Kg8 30. Rd7 Na4 31. Ra7 Nxc5 32. Nd6 Rb8 33. e5
Bb7 34. f4 Kf8 35. Kf2 Ra8 36. Rxa8+ Bxa8 37. Ke3 b4 38. Kd4 Na4 39. Kc4 c5 40.
g3 Bf3 41. Kb5 Bd1 42. Nc8 b3 43. Kxa4 b2+ 44. Ka3 Bg4 45. Kxb2 Bxf5 46. Nd6
Be6 47. Ne4 1-0

[Event "Norway Chess 2015"]
[Site "Stavanger NOR"]
[Date "2015.06.16"]
[Round "1"]
[White "Giri, A."]
[Black "Grischuk, A."]
[Result "1-0"]
[WhiteElo "2773"]
[BlackElo "2781"]
[PlyCount "83"]
[EventDate "2015.06.17"]

1. Nf3 c5 2. e4 Nc6 3. Bb5 g6 4. Bxc6 bxc6 5. O-O Bg7 6. Re1 Rb8 7. h3 Qc7 8.
c3 Nf6 9. e5 Nd5 10. c4 Nb4 11. d4 cxd4 12. a3 Na6 13. Qxd4 O-O 14. c5 d6 15.
cxd6 exd6 16. exd6 Qb6 17. Qh4 Nc5 18. Be3 Qxb2 19. Nbd2 Nd7 20. Rab1 Qxa3 21.
Rxb8 Nxb8 22. Bh6 Nd7 23. Bxg7 Kxg7 24. Qd4+ Kg8 25. Ne4 Re8 26. Kh2 a5 27.
Nfg5 Rf8 28. Nf6+ Nxf6 29. Qxf6 Qa2 30. Re7 Bf5 31. Nxf7 Qxf7 32. Rxf7 Rxf7 33.
Qd8+ Kg7 34. Qxa5 Bd7 35. Qc5 Rf5 36. Qa7 Rf7 37. g4 Kf6 38. f4 Kg7 39. Kg3 Kg8
40. Qe3 Kg7 41. h4 Kg8 42. Qe5 1-0

[Event "Norway Chess 2015"]
[Site "Stavanger NOR"]
[Date "2015.06.16"]
[Round "1"]
[White "Carlsen, M."]
[Black "Topalov, V."]
[Result "0-1"]
[WhiteElo "2876"]
[BlackElo "2798"]
[PlyCount "120"]
[EventDate "2015.06.17"]

1. d4 d5 2. c4 c6 3. Nf3 Nf6 4. Nc3 e6 5. Bg5 h6 6. Bxf6 Qxf6 7. e3 Nd7 8. Rc1
g6 9. Be2 Bg7 10. cxd5 exd5 11. b4 a6 12. a4 O-O 13. b5 axb5 14. axb5 Qd6 15.
O-O Nb6 16. Qb3 Rb8 17. Nd1 Bf5 18. Nb2 Rfc8 19. Nd3 Bxd3 20. Qxd3 c5 21. dxc5
Rxc5 22. h4 Na4 23. h5 Rbc8 24. Rxc5 Nxc5 25. Qc2 gxh5 26. Nd4 Qg6 27. Nf5 Bf8
28. Rd1 Qe6 29. Rc1 Nb3 30. Qxc8 Nxc1 31. Qxc1 Qxf5 32. Qc7 Qb1+ 33. Bf1 d4 34.
exd4 Qd1 35. Qe5 Bg7 36. Qe8+ Bf8 37. Qd8 Kg7 38. Qd5 b6 39. Qe5+ Kg8 40. Qf6
Bg7 41. Qxb6 Bxd4 42. Qxh6 Qg4 43. Qd6 Qd1 44. Qd8+ Kh7 45. Qc7 Kg7 46. b6 Qg4
47. b7 Qh4 48. g3 Qf6 49. Qc2 Qe5 50. Qd3 Ba7 51. Qf3 Qf6 52. Qe2 Qc3 53. Kh2
Qd4 54. Qf3 Bb8 55. Kh3 Bc7 56. Be2 Bb8 57. Bd1 f5 58. Be2 f4 59. Qxh5 Qxf2 60.
Qg5+ Kf7 0-1

[Event "Norway Chess 2015"]
[Site "Stavanger NOR"]
[Date "2015.06.16"]
[Round "1"]
[White "Anand, V."]
[Black "Caruana, F."]
[Result "1/2-1/2"]
[WhiteElo "2804"]
[BlackElo "2805"]
[PlyCount "74"]
[EventDate "2015.06.17"]

1. e4 e5 2. Nf3 Nc6 3. Bb5 Nf6 4. d3 Bc5 5. Nbd2 O-O 6. Bxc6 bxc6 7. Nxe5 Re8
8. Nef3 d5 9. O-O Bg4 10. h3 Bh5 11. Qe2 dxe4 12. Nxe4 h6 13. Be3 Nxe4 14. dxe4
Rxe4 15. Qd3 Bxf3 16. Qxd8+ Rxd8 17. Bxc5 Be2 18. Rfc1 a5 19. b3 a4 20. Re1 Rd2
21. Rac1 axb3 22. axb3 Rd5 23. Be3 Bh5 24. Ra1 Bg6 25. Ra7 Re7 26. c4 Rd8 27.
Rea1 Bc2 28. b4 Rd1+ 29. Rxd1 Bxd1 30. b5 cxb5 31. cxb5 Re5 32. Rxc7 Rxb5 33.
Rc5 Rxc5 34. Bxc5 Bc2 35. Bd6 Bd1 36. Bc5 Bc2 37. Bd6 Bd1 1/2-1/2

[Event "Norway Chess 2015"]
[Site "Stavanger NOR"]
[Date "2015.06.16"]
[Round "1"]
[White "Vachier Lagrave, M."]
[Black "Aronian, L."]
[Result "1-0"]
[WhiteElo "2723"]
[BlackElo "2780"]
[PlyCount "117"]
[EventDate "2015.06.17"]

1. d4 Nf6 2. c4 e6 3. Nf3 d5 4. Nc3 Bb4 5. cxd5 exd5 6. Bg5 h6 7. Bh4 Nbd7 8.
e3 g5 9. Bg3 Ne4 10. Qc2 h5 11. h3 Bxc3+ 12. bxc3 Nxg3 13. fxg3 Nb6 14. Bd3 g4
15. hxg4 Bxg4 16. O-O Qe7 17. Ne5 Be6 18. Bf5 Nd7 19. e4 Nxe5 20. exd5 O-O-O
21. dxe6 fxe6 22. Rae1 exf5 23. Rxe5 Qa3 24. Rfxf5 Kb8 25. Rxh5 Rxh5 26. Rxh5
a6 27. Kh2 Rf8 28. Qb3 Qe7 29. Qd5 Qe2 30. a4 Qd3 31. c4 a5 32. Rh4 Qc3 33. g4
Qe1 34. Rh7 Qc1 35. Qe5 Qxc4 36. g5 Rg8 37. Rh8 Qf7 38. Rxg8+ Qxg8 39. Qf6 b5
40. axb5 a4 41. g6 a3 42. b6 a2 43. Qe5 Qd8 44. bxc7+ Qxc7 45. g7 Qxe5+ 46.
dxe5 a1=Q 47. g8=Q+ Kc7 48. Qc4+ Kd8 49. Qd5+ Ke7 50. Qd6+ Ke8 51. Qc6+ Ke7 52.
Qc7+ Ke6 53. Qd6+ Kf7 54. Qd7+ Kf8 55. Qf5+ Ke7 56. g3 Qc3 57. Kh3 Ke8 58. Kh4
Qe1 59. Qf4 1-0

[Event "Capablanca Memorial 2015"]
[Site "Havana CUB"]
[Date "2015.06.16"]
[Round "2"]
[White "Yu Yangyi"]
[Black "Eljanov, P."]
[Result "1/2-1/2"]
[WhiteElo "2715"]
[BlackElo "2718"]
[PlyCount "63"]
[EventDate "2015.06.15"]

1. e4 e5 2. Nf3 Nc6 3. Bb5 Nf6 4. d3 Bc5 5. Bxc6 dxc6 6. Nbd2 Be6 7. O-O Bd6 8.
b3 O-O 9. Bb2 Nd7 10. Qe2 c5 11. Nc4 f6 12. Nh4 Nb8 13. Nxd6 Qxd6 14. f4 exf4
15. e5 fxe5 16. Bxe5 Qd7 17. Bxf4 Nc6 18. Be3 Nd4 19. Qd2 Bg4 20. Rae1 Rxf1+
21. Rxf1 Re8 22. h3 Bh5 23. Rf2 b6 24. Bxd4 Qxd4 25. Nf5 Qe5 26. Qg5 Bg6 27.
Qg4 Rf8 28. Qc4+ Rf7 29. g4 h6 30. Qe4 Qxe4 31. dxe4 Rd7 32. Kg2 1/2-1/2

[Event "Capablanca Memorial 2015"]
[Site "Havana CUB"]
[Date "2015.06.16"]
[Round "2"]
[White "Nepomniachtchi, I."]
[Black "Dominguez Perez, L."]
[Result "0-1"]
[WhiteElo "2720"]
[BlackElo "2746"]
[PlyCount "100"]
[EventDate "2015.06.15"]

1. Nf3 c5 2. g3 Nc6 3. Bg2 Nf6 4. O-O e5 5. c4 d5 6. cxd5 Nxd5 7. Nc3 Be6 8.
Ng5 Qxg5 9. Nxd5 Qd8 10. Nc3 Qd7 11. Qa4 Rc8 12. a3 Be7 13. b4 b6 14. b5 Na5
15. Rb1 O-O 16. d3 c4 17. Rd1 Rfd8 18. Bb2 Qc7 19. dxc4 Qxc4 20. Qc2 Qb3 21.
Qxb3 Bxb3 22. Rxd8+ Rxd8 23. Be4 Be6 24. Bd3 Nc4 25. Bc1 Rc8 26. Ra1 Na5 27.
Bb2 Nc4 28. Bc1 g6 29. a4 f5 30. e4 Bc5 31. Nd5 Bxd5 32. exd5 Bd4 33. Ra2 Nd6
34. Ba3 Bc5 35. Bb2 e4 36. Be2 Kf7 37. Kg2 Ke7 38. f3 Bb4 39. Bd4 Bc5 40. Ba1
Be3 41. fxe4 fxe4 42. Bg4 Rc1 43. Be6 Bc5 44. Be5 Rg1+ 45. Kh3 e3 46. Kg4 Ne4
47. Re2 Rf1 48. Bf4 Rf2 49. Rxe3 h5+ 50. Kh3 Rxf4 0-1

[Event "Capablanca Memorial 2015"]
[Site "Havana CUB"]
[Date "2015.06.16"]
[Round "2"]
[White "Andreikin, D."]
[Black "Bruzon Batista, L."]
[Result "1-0"]
[WhiteElo "2718"]
[BlackElo "2677"]
[PlyCount "85"]
[EventDate "2015.06.15"]

1. d4 Nf6 2. Nf3 d5 3. c4 e6 4. Nc3 Nbd7 5. Bf4 Bb4 6. cxd5 exd5 7. Qc2 O-O 8.
e3 c5 9. Be2 c4 10. O-O Nb6 11. a3 Bxc3 12. bxc3 Ne4 13. a4 Bf5 14. Qb2 Qe7 15.
Nd2 Nxd2 16. Qxd2 Rac8 17. Bf3 Be4 18. a5 Nd7 19. Bxe4 Qxe4 20. Qb2 b6 21. Qb5
Qe6 22. axb6 axb6 23. Ra7 Nf6 24. Rfa1 h6 25. h3 Rfe8 26. R1a6 Ne4 27. Qb2 Rc6
28. Rb7 b5 29. Ra5 g5 30. Be5 f6 31. Bb8 Ra6 32. Qxb5 Rxa5 33. Qxa5 Re7 34.
Rxe7 Qxe7 35. Qxd5+ Kg7 36. Qc6 Nd2 37. Bd6 Qa7 38. Qc7+ Qxc7 39. Bxc7 Ne4 40.
Ba5 f5 41. f3 Nf6 42. g4 Nd5 43. Kf2 1-0

[Event "Norway Chess 2015"]
[Site "Stavanger NOR"]
[Date "2015.06.17"]
[Round "2"]
[White "Grischuk, Alexander"]
[Black "Aronian, Levon"]
[Result "1/2-1/2"]
[WhiteElo "2781"]
[BlackElo "2780"]
[PlyCount "60"]
[EventDate "2015.06.16"]

1. c4 Nf6 2. Nc3 e5 3. e3 Bb4 4. Nge2 c6 5. a3 Ba5 6. b4 Bc7 7. Bb2 O-O 8. Ng3
d5 9. cxd5 Nxd5 10. Qc2 Nd7 11. Bd3 N7f6 12. O-O Nxc3 13. Bxc3 Be6 14. Rab1 Kh8
15. Rfd1 Ng4 16. Nf5 g6 17. f3 Nxh2 18. Kxh2 gxf5 19. Bxf5 Qh4+ 20. Kg1 Rg8 21.
Bxe6 fxe6 22. Qe4 Rxg2+ 23. Kxg2 Rg8+ 24. Qg4 Rxg4+ 25. fxg4 Qxg4+ 26. Kf2 Qh4+
27. Ke2 Qg4+ 28. Kd3 Qf5+ 29. Ke2 Qg4+ 30. Kd3 Qf5+ 1/2-1/2

[Event "Norway Chess 2015"]
[Site "Stavanger NOR"]
[Date "2015.06.17"]
[Round "2"]
[White "Caruana, Fabiano"]
[Black "Carlsen, Magnus"]
[Result "1-0"]
[WhiteElo "2805"]
[BlackElo "2876"]
[PlyCount "89"]
[EventDate "2015.06.16"]

1. e4 e5 2. Nf3 Nc6 3. Bb5 Nf6 4. O-O Nxe4 5. d4 Nd6 6. Bxc6 dxc6 7. dxe5 Nf5
8. Qxd8+ Kxd8 9. h3 h6 10. Rd1+ Ke8 11. Nc3 Ne7 12. b3 Bf5 13. Nd4 Bh7 14. Bb2
Rd8 15. Nce2 Nd5 16. c4 Nb4 17. Nf4 Rg8 18. g4 Na6 19. Nf5 Nc5 20. Rxd8+ Kxd8
21. Rd1+ Kc8 22. Ba3 Ne6 23. Nxe6 Bxa3 24. Nexg7 Bf8 25. e6 Bxf5 26. Nxf5 fxe6
27. Ng3 Be7 28. Kg2 Rf8 29. Rd3 Rf7 30. Nh5 Bd6 31. Rf3 Rh7 32. Re3 Re7 33. f4
Ba3 34. Kf3 Bb2 35. Re2 Bc3 36. g5 Kd7 37. Kg4 Re8 38. Ng3 Rh8 39. h4 b6 40. h5
c5 41. g6 Re8 42. f5 exf5+ 43. Kf4 Rh8 44. Nxf5 Bf6 45. Rg2 1-0

[Event "Norway Chess 2015"]
[Site "Stavanger NOR"]
[Date "2015.06.17"]
[Round "2"]
[White "Hammer, Jon Ludvig"]
[Black "Vachier-Lagrave, Maxime"]
[Result "1/2-1/2"]
[WhiteElo "2677"]
[BlackElo "2723"]
[PlyCount "121"]
[EventDate "2015.06.16"]

1. c4 Nf6 2. Nc3 e5 3. Nf3 Nc6 4. g3 g6 5. Bg2 Bg7 6. O-O O-O 7. e4 d6 8. d3 h6
9. Be3 Kh7 10. h3 Nd7 11. Rc1 Nd4 12. Bxd4 exd4 13. Ne2 c5 14. h4 b5 15. cxb5
Rb8 16. a4 a6 17. b4 axb5 18. bxc5 dxc5 19. axb5 Rxb5 20. Nf4 Ne5 21. Bh3 Bb7
22. h5 Nxf3+ 23. Qxf3 Qd6 24. Rb1 Rb4 25. Nd5 Bxd5 26. exd5 c4 27. Rxb4 Qxb4
28. dxc4 Qxc4 29. d6 Qc5 30. d7 Qxh5 31. Qxh5 gxh5 32. Bf5+ Kg8 33. Re1 Bf6 34.
Re8 h4 35. g4 Kg7 36. f4 Bd8 37. Kg2 Bf6 38. Bd3 Bd8 39. Kf3 Bf6 40. Bf1 Bd8
41. Ke4 Bf6 42. Kd5 Rg8 43. Kc6 Bd8 44. Rxd8 Rxd8 45. Kc7 Rf8 46. d8=Q Rxd8 47.
Kxd8 h5 48. gxh5 Kh6 49. Ke7 Kxh5 50. Be2+ Kh6 51. Bf1 Kh5 52. f5 Kg4 53. f6 h3
54. Bxh3+ Kxh3 55. Kxf7 d3 56. Kg7 d2 57. f7 d1=Q 58. f8=Q Qg4+ 59. Kf7 Qf5+
60. Ke7 Qxf8+ 61. Kxf8 1/2-1/2

[Event "Capablanca Memorial 2015"]
[Site "Havana CUB"]
[Date "2015.06.17"]
[Round "3"]
[White "Eljanov, Pavel"]
[Black "Andreikin, Dmitry"]
[Result "1/2-1/2"]
[WhiteElo "2718"]
[BlackElo "2718"]
[PlyCount "93"]
[EventDate "2015.06.15"]

1. d4 Nf6 2. c4 e6 3. Nf3 d5 4. Nc3 Be7 5. Bf4 O-O 6. e3 Nbd7 7. c5 Ne4 8. Nxe4
dxe4 9. Ne5 Nxe5 10. Bxe5 Bd7 11. Bc4 Bc6 12. Qe2 Bf6 13. Bg3 Rc8 14. b4 Qd7
15. a4 Rfd8 16. O-O Bd5 17. Rfc1 c6 18. Bd6 Bxc4 19. Qxc4 Be7 20. Be5 Qd5 21.
Rab1 f6 22. Bg3 Qxc4 23. Rxc4 Kf7 24. Kf1 e5 25. dxe5 f5 26. Ke2 Ke6 27. f3 Rd3
28. fxe4 fxe4 29. Rxe4 Rcd8 30. b5 Rd2+ 31. Kf3 g5 32. bxc6 bxc6 33. Reb4 h5
34. R4b2 Kf5 35. e4+ Ke6 36. Rxd2 Rxd2 37. Rb7 g4+ 38. Ke3 Rxg2 39. Rc7 h4 40.
Bf4 Bxc5+ 41. Kd3 Rf2 42. Rxc6+ Kd7 43. Rf6 Rf3+ 44. Kc4 Bg1 45. Rf7+ Ke6 46.
Rf6+ Kd7 47. a5 1/2-1/2

[Event "Capablanca Memorial 2015"]
[Site "Havana CUB"]
[Date "2015.06.17"]
[Round "3"]
[White "Dominguez Perez, Leinier"]
[Black "Yu, Yangyi"]
[Result "0-1"]
[WhiteElo "2746"]
[BlackElo "2715"]
[PlyCount "76"]
[EventDate "2015.06.15"]

1. d4 Nf6 2. c4 e6 3. Nf3 d5 4. g3 Bb4+ 5. Bd2 Be7 6. Bg2 O-O 7. O-O c6 8. Qc2
Nbd7 9. Rd1 b6 10. b3 a5 11. Bf4 Ba6 12. Ne5 Rc8 13. e4 Nxe5 14. Bxe5 Nxe4 15.
Bxe4 dxe4 16. Qxe4 f6 17. Bf4 e5 18. Be3 c5 19. d5 Bd6 20. f4 f5 21. Qf3 Rc7
22. Nd2 Bc8 23. Re1 g5 24. fxe5 Bxe5 25. Rad1 Bd6 26. Bf2 Qf6 27. Qh5 Rg7 28.
Re8 Bd7 29. Rxf8+ Kxf8 30. Re1 h6 31. a4 Rf7 32. Kg2 Kg7 33. Re2 g4 34. Be3 Re7
35. Kf1 Re5 36. Bf4 Rxe2 37. Kxe2 Bxf4 38. gxf4 Kf8 0-1

[Event "Capablanca Memorial 2015"]
[Site "Havana CUB"]
[Date "2015.06.17"]
[Round "3"]
[White "Bruzon Batista, Lazaro"]
[Black "Nepomniachtchi, Ian"]
[Result "1/2-1/2"]
[WhiteElo "2677"]
[BlackElo "2720"]
[PlyCount "218"]
[EventDate "2015.06.15"]

1. Nf3 d6 2. d4 g6 3. g3 Bg7 4. Bg2 f5 5. O-O Nf6 6. b3 O-O 7. Bb2 c6 8. Nbd2
a5 9. a3 Qc7 10. Re1 Ne4 11. Nxe4 fxe4 12. Nd2 d5 13. f3 Qb6 14. fxe4 Bxd4+ 15.
Bxd4 Qxd4+ 16. e3 Qc5 17. exd5 cxd5 18. c4 dxc4 19. Nxc4 Be6 20. Qd4 Nd7 21.
Rac1 Qb5 22. Nd2 Rad8 23. a4 Qh5 24. Qe4 Ne5 25. Nc4 Bxc4 26. bxc4 Nd3 27. Qe6+
Kh8 28. Rcd1 Qg5 29. Rf1 Nc5 30. Qb6 Rxd1 31. Rxd1 Qxe3+ 32. Kh1 Rf6 33. Qxa5
Ra6 34. Qd8+ Kg7 35. Rf1 Rf6 36. Rxf6 exf6 37. h3 Qe5 38. a5 Ne4 39. Qd7+ Kh6
40. Bxe4 Qxe4+ 41. Kh2 Qxc4 42. Qxb7 Qa2+ 43. Kg1 Qxa5 44. Qf7 Qe1+ 45. Kg2
Qe2+ 46. Kg1 Qf3 47. Qf8+ Kh5 48. Qc5+ f5 49. Qc7 Kh6 50. Qd6 Qe3+ 51. Kg2 Qe4+
52. Kf2 Qc2+ 53. Kg1 Qb1+ 54. Kg2 Qb7+ 55. Kf2 Kg7 56. Qd4+ Kf7 57. Qc4+ Kf6
58. Qc3+ Ke6 59. Kg1 Qb5 60. Qe3+ Qe5 61. Qb3+ Kf6 62. Qb6+ Kf7 63. Qb7+ Kf6
64. Qc6+ Kg5 65. Qc1+ f4 66. Kf2 Qd6 67. Kg2 Qd5+ 68. Kf2 Qd6 69. Kg2 Qd4 70.
gxf4+ Qxf4 71. Qe1 Kf5 72. Qa5+ Qe5 73. Qa7 h6 74. Qd7+ Qe6 75. Qb5+ Kf6 76.
Qb4 Qe2+ 77. Kg3 Qe5+ 78. Kg2 Qg5+ 79. Kh2 Qe3 80. Qh4+ Kg7 81. Qd8 Qf2+ 82.
Kh1 Kf7 83. Qd7+ Kf6 84. Qd8+ Kg7 85. Qe7+ Qf7 86. Qe5+ Kh7 87. Kg2 g5 88. Qe4+
Kg7 89. Qd4+ Qf6 90. Qd7+ Kf8 91. Qc8+ Kf7 92. Qd7+ Qe7 93. Qd5+ Qe6 94. Qf3+
Kg7 95. Qc3+ Qf6 96. Qc7+ Kg6 97. Qc2+ Qf5 98. Qc6+ Qf6 99. Qc2+ Kf7 100. Qc7+
Qe7 101. Qc4+ Qe6 102. Qc7+ Ke8 103. Qb8+ Ke7 104. Qc7+ Qd7 105. Qxd7+ Kxd7
106. h4 g4 107. h5 Ke6 108. Kg3 Kf5 109. Kh4 Ke5 1/2-1/2

[Event "Norway Chess 2015"]
[Site "Stavanger NOR"]
[Date "2015.06.18"]
[Round "3"]
[White "Vachier-Lagrave, Maxime"]
[Black "Topalov, Veselin"]
[Result "0-1"]
[WhiteElo "2723"]
[BlackElo "2798"]
[PlyCount "56"]
[EventDate "2015.06.16"]

1. d4 Nf6 2. c4 e6 3. Nf3 d5 4. Nc3 c6 5. e3 Nbd7 6. Bd3 dxc4 7. Bxc4 b5 8. Bd3
Bb7 9. O-O a6 10. e4 c5 11. d5 Qc7 12. dxe6 fxe6 13. Bc2 Bd6 14. Ng5 Nf8 15. f4
O-O-O 16. Qe1 e5 17. f5 h6 18. Nf3 N8d7 19. Kh1 Rhe8 20. Bd2 Qc6 21. Rd1 Nb6
22. Nd5 Nbxd5 23. exd5 Qd7 24. Ba5 e4 25. Ng1 Bc7 26. d6 Bxa5 27. Qxa5 e3 28.
Ne2 Qc6 0-1

[Event "Norway Chess 2015"]
[Site "Stavanger NOR"]
[Date "2015.06.18"]
[Round "3"]
[White "Carlsen, Magnus"]
[Black "Giri, Anish"]
[Result "1/2-1/2"]
[WhiteElo "2876"]
[BlackElo "2773"]
[PlyCount "152"]
[EventDate "2015.06.16"]

1. e4 c5 2. Nf3 d6 3. Bb5+ Nd7 4. c3 Ngf6 5. Qe2 a6 6. Ba4 b5 7. Bc2 e6 8. d4
Bb7 9. O-O Be7 10. Re1 O-O 11. Nbd2 cxd4 12. cxd4 Rc8 13. Nf1 Re8 14. Ng3 Bf8
15. Be3 Rc7 16. Bd3 e5 17. d5 Nc5 18. Bc2 b4 19. a3 b3 20. Bxc5 Rxc5 21. Bxb3
Qb6 22. Bc4 Rec8 23. Bd3 g6 24. Nf1 Bh6 25. Ne3 a5 26. b4 axb4 27. axb4 R5c7
28. b5 Qc5 29. h3 Nh5 30. Qb2 Qb6 31. Qb4 Bxe3 32. Rxe3 Rc3 33. Rae1 f5 34.
exf5 Nf4 35. Be4 R3c5 36. fxg6 hxg6 37. Bxg6 Rxb5 38. Qe4 Rf8 39. Nxe5 dxe5 40.
Rg3 Rxd5 41. Qb1 Qxb1 42. Bxb1+ Kh8 43. Be4 Rd7 44. Bxb7 Rxb7 45. Rxe5 Rh7 46.
Re4 Rhf7 47. Kh2 Kh7 48. Rf3 Kg6 49. h4 Nh5 50. Rxf7 Rxf7 51. Re2 Nf4 52. Rd2
Nh5 53. g3 Nf6 54. Kg2 Rd7 55. Ra2 Rd5 56. Ra4 Re5 57. g4 Re4 58. Rxe4 Nxe4 59.
Kf3 Nd6 60. Kf4 Nf7 61. Ke4 Kf6 62. f4 Nd6+ 63. Kd5 Nb5 64. h5 Nc3+ 65. Kd4
Nb5+ 66. Kc4 Nd6+ 67. Kc5 Ke6 68. Kc6 Nf7 69. Kc7 Nh6 70. g5 Nf7 71. g6 Nh6 72.
Kd8 Kf5 73. Ke7 Kxf4 74. Kf8 Kg5 75. g7 Kxh5 76. g8=Q Nxg8 1/2-1/2

[Event "Capablanca Memorial 2015"]
[Site "Havana CUB"]
[Date "2015.06.18"]
[Round "4"]
[White "Andreikin, D."]
[Black "Nepomniachtchi, I."]
[Result "1/2-1/2"]
[WhiteElo "2718"]
[BlackElo "2720"]
[PlyCount "171"]
[EventDate "2015.06.15"]

1. Nf3 Nf6 2. c4 c5 3. Nc3 Nc6 4. d4 cxd4 5. Nxd4 e6 6. Bf4 d5 7. cxd5 Nxd5 8.
Nxc6 bxc6 9. Bd2 Rb8 10. e4 Nxc3 11. Bxc3 Qb6 12. Qg4 e5 13. Qg3 f6 14. Bc4 Ba6
15. Bb3 Rd8 16. Qg4 Rd6 17. Rd1 Qd8 18. f4 exf4 19. e5 Rxd1+ 20. Bxd1 Qd7 21.
Qxf4 f5 22. Bh5+ g6 23. e6 Qxe6+ 24. Kd2 Qd5+ 25. Kc1 gxh5 26. Re1+ Kd7 27. Rd1
Bd3 28. Qe3 Bh6 29. Qxh6 Re8 30. Qxh7+ Kc8 31. Qxh5 Rd8 32. Qf3 Qc4 33. Qe3 c5
34. g3 Be4 35. Rxd8+ Kxd8 36. b3 Qd3 37. Qxd3+ Bxd3 38. h4 Ke7 39. h5 Kf7 40.
Bd2 Be2 41. h6 Kg6 42. Kc2 a6 43. Be3 Kh7 44. Kd2 Bf1 45. Bg5 Kg6 46. Ke3 Bb5
47. Bf4 Bf1 48. Kd2 Kh7 49. Kc3 Be2 50. Kb2 Kg6 51. Ka3 Bb5 52. Be3 Kh7 53. Bd2
Kg6 54. Bc1 Kh7 55. Kb2 Be2 56. Kc3 Kg6 57. Bd2 Kh7 58. Kc2 Kg6 59. Kb2 Kh7 60.
Ka3 Bb5 61. Be3 Kg6 62. Bxc5 Kxh6 63. Kb4 Kg5 64. Be7+ Kg6 65. Kc5 Kf7 66. Kd6
Bd3 67. Bg5 Bb1 68. a3 Bc2 69. b4 Bd1 70. Ke5 Bc2 71. Bf6 Kg6 72. Ke6 Bb3+ 73.
Ke7 Bd1 74. Be5 Bc2 75. Bf4 Bd1 76. Bd2 Bc2 77. Be3 Bd1 78. Bf4 Bc2 79. Kd6 Kf7
80. Kc7 Ke6 81. Kb7 Bd3 82. a4 Kd7 83. Bd2 Kd6 84. Kb6 Kd7 85. Bc3 Kc8 86. b5
1/2-1/2